Normal view
MARC view
- George, Konstaan Visreail
Entry Personal Name
001 - CONTROL NUMBER
- control field: 125772
003 - CONTROL NUMBER IDENTIFIER
- control field: NUST
005 - DATE AND TIME OF LATEST TRANSACTION
- control field: 20240910155502.0
008 - FIXED-LENGTH DATA ELEMENTS
- fixed length control field: 240910|| aca||aabn | a|a d
040 ## - CATALOGING SOURCE
- Original cataloging agency: NUST
- Transcribing agency: NUST
100 ## - HEADING--PERSONAL NAME
- Personal name: George, Konstaan Visreail
670 ## - SOURCE DATA FOUND
- Source citation: Work cat.: (NUST)611468: George, Konstaan Visreail , paighambar-e-islam, 2000.
